Welcome to the Holygrace Academy Library

Please use search bar below to get started

GREAT INDIAN REVOLUTIONARY (Record no. 5559)

MARC details
000 -LEADER
fixed length control field 00269nam a22001217a 4500
082 ## - DEWEY DECIMAL CLASSIFICATION NUMBER
Classification number 920
Item number ALA/B
100 ## - MAIN ENTRY--AUTHOR NAME
Personal name ALAM,FIROZ
245 ## - TITLE STATEMENT
Title GREAT INDIAN REVOLUTIONARY
260 ## - PUBLICATION, DISTRIBUTION, ETC. (IMPRINT)
Place of publication DELHI
Name of publisher SAHNI PUBLICATIONS
300 ## - PHYSICAL DESCRIPTION
Number of Pages 134
650 ## - SUBJECT ADDED ENTRY--TOPICAL TERM
Topical Term ABOUT AMBEDKAR
Geographic subdivision DELHI
942 ## - ADDED ENTRY ELEMENTS (KOHA)
Koha item type Books
Holdings
Withdrawn status Lost status Collection code Home library Current library Shelving location Date acquired Source of acquisition Full call number Accession Number Koha item type
    Reference Main Library Main Library SHELF-17-I-BIOGRAPHIES & AUTOBIOGRAPHIES 02/06/2017 PURCHASE 920 ALA/B 04402 Books